One-Letter Logos (A-Z) Quiz Stats

 Plays Quiz Updated Mar 13, 2016

Score 0/26 Timer 05:00
1 Play Today
% Correct
Facebook
98%
McDonald's
97%
Superman
95.7%
Special K
89%
Lexus
88.5%
Deutsche Telekom
85.9%
Pinterest
78.2%
Holiday Inn
77.5%
Wilson Sporting Goods
73.3%
Avengers
72.2%
The Incredibles
71.7%
Microsoft Edge
71.5%
Nintendo 64
66.9%
% Correct
Bridgestone
60.3%
Chicago Bears
55.7%
Utah Jazz
54.1%
Rockstar Games
53.1%
Dunlop Sport
52.4%
Barack Obama
44%
Xerox
43.6%
Unilever
43.5%
YMCA
43.2%
Valvoline
38.1%
Zurich Insurance Group
19.1%
Gazprom PJSC
12.7%
QVC
7.8%

You're not logged in!

Compare scores with friends on all Sporcle quizzes.
OR
Log In

Show Comments

Extras

Top Quizzes Today


Score Distribution

Your Account Isn't Verified!

In order to create a playlist on Sporcle, you need to verify the email address you used during registration. Go to your Sporcle Settings to finish the process.

Report this User

Report this user for behavior that violates our Community Guidelines.

Details: